000 00855cam a22002417i 4500
999 _c64132
_d64132
005 20240530110716.0
008 161205s2016 ua a 001 0 eng d
017 _bمصر. دار الكتب
020 _a9774167554
020 _a9789774167553
040 _aYDXCP
_beng
_cYDXCP
_erda
_dBDX
_dBTCTA
_dOCLCQ
_dCLE
_dYDX
_dOCLCF
_dMEAUC
_dDLC
082 0 4 _221
_a641.5
_bCC\D T
100 0 _aDyna Eldaief
_eauthor.
245 1 4 _aThe taste of Egypt :
_bhome cooking from the Middle East /
_cDyna Eldaief.
300 _a182 pages :
_billustrations (chiefly color) ;
_c27 cm
500 _aIncludes index.
650 0 _aCooking, Egyptian.
_2qrmak
650 0 _aCooking, Middle Eastern.
_2qrmak
651 _2qrmak
942 _2ddc
_cBK
906 _a7
_bcbc
_ccopycat
_d2
_encip
_f20
_gy-gencatlg